000 00677nam a2200217 a 4500
005 20240919064435.0
008 991125s1974 es 000 0 spa u
020 _a8403180039
035 _aUPN01000002793
049 _aCG
050 4 _aQA300
_bA4.38 1974
100 1 _aAllen, Roy George Douglas
245 1 0 _aAnálisis matemático para economistas /
_cR. G. D. Allen ; tr., adaptación y notas por Emilio de Figueroa.
250 _a8a ed.
260 _aMadrid :
_bAguilar,
_c1974.
300 _a548 p. :
_bgráfs.
440 0 _aBiblioteca de ciencias sociales.
_pEconomía
650 4 _aANALISIS ARMONICO
_9266
650 4 _aEconomía matemática
_914138
905 _aLibro
999 _c2793
_d2793